Yuan hai Ziping : 5 juan /

Saved in:
Bibliographic Details
Main Author: Xu, Sheng.
Other Authors: Qin, Shen'an.
Format: Book
Language:Chinese
Published: Shanghai : Wen ming shu ju, Min guo 15 [1926]
Tags: Add Tag
No Tags, Be the first to tag this record!
LEADER 00718cam a2200217ui 4500
001 007741668-6
005 20024617112705.0
008 980318s1926 cc 000 0 chi d
035 0 |a ocm38740729 
040 |a *YNH*  |c *YNH*  |d CStRLIN 
100 1 |6 880-01  |a Xu, Sheng. 
245 1 0 |6 880-02  |a Yuan hai Ziping :  |b 5 juan /  |c Xu Sheng bian ; Qin Shen'an jiao kan. 
260 |6 880-03  |a Shanghai :  |b Wen ming shu ju,  |c Min guo 15 [1926] 
300 |a 2 v. ;  |c 20 cm. 
700 1 |6 880-04  |a Qin, Shen'an. 
880 1 |6 100-01  |a 徐升. 
880 1 0 |6 245-02  |a 淵海子平 :  |b 5卷 /  |c 徐升編 ; 秦慎安校勘. 
880 |6 260-03  |a 上海 :  |b 文明書局,  |c 民國15 [1926] 
880 1 |6 700-04  |a 秦慎安. 
988 |a 20021121 
906 |0 MH